| 000 | 00682nam a2200205Ia 4500 | ||
|---|---|---|---|
| 999 |
_c10504 _d10504 |
||
| 082 | _aTP.0013 | ||
| 100 | _aPradeep Kumar | ||
| 245 | 0 | _aAgricultural development in Haryana and its impact on income and employment (1966-1982) | |
| 260 |
_c1986 _bMeerut University |
||
| 300 | _a201p. + C D - 47 | ||
| 650 | _aINCOME, AGRICULTURAL//FARM INCOME | ||
| 650 | _aINCOME, FARM//FARM INCOME | ||
| 650 | _aFARM INCOME - HARYANA | ||
| 650 | _aAGRICULTURE - HARYANA | ||
| 650 | _aAGRICULTURAL LABOURERS///EMPLOYMENT, RURAL | ||
| 650 | _aEMPLOYMENT, RURAL - HARYANA | ||
| 650 | _aRURAL EMPLOYMENT//EMPLOYMENT, RURAL | ||
| 650 | _aAGRICULTURAL INCOME//FARM INCOME | ||
| 942 |
_cTH _2ddc |
||